000 00894nam a22002897a 4500
003 CHAP
005 20220329143452.0
008 091119s1941 mx a r 00010 spa d
010 _a97111
011 _a98083
035 _a108763
040 _cCHAP
082 0 4 _a636.213
_bT12
100 0 0 _aTagle, Ezequiel C.
_9111350
245 1 0 _aBovinos de carne :
_bsu cria
_c/por Ezequiel C. Tagle
260 _aBuenos Aires :
_bSudamericana,
_c1941
300 _a193 p. :
_bilus.
490 _aEnciclopedia agropecuaria argentina
590 _aBATCH-UPD
_b10
_c20130110
_lUCH01
_h1552
590 _aCONVERSION
_b10
_c20130109
_lUCH01
_h1354
650 1 4 _aGanado de carne.
_945067
650 1 4 _aGanado vacuno
_xRazas.
_945509
830 0 _aEnciclopedia agropecuaria argentina
_936732
901 _aBK
942 _cLIBRO
949 _a636.213 T12
_bBC
_cBPA
_d33724002126040
_eBPA
_gI.c/e
_h111392
_i108763
_sb
999 _c97111
_d97111